|
|
|
|
| LEADER |
00000nam0a2200000 4500 |
| 001 |
98940 |
| 005 |
20231101214222.0 |
| 010 |
|
|
|a 5956002220
|
| 035 |
|
|
|a (RuTPU)RU\TPU\book\106101
|
| 090 |
|
|
|a 98940
|
| 100 |
|
|
|a 20060623d2004 km y0rusy50 ca
|
| 101 |
0 |
|
|a rus
|
| 102 |
|
|
|a RU
|
| 105 |
|
|
|a c z 001zb
|
| 200 |
1 |
|
|a Последний летописец
|f Н. Я. Эйдельман
|
| 210 |
|
|
|a Москва
|c Вагриус
|d 2004
|
| 215 |
|
|
|a 255 с.
|c портр.
|
| 320 |
|
|
|a Библиогр.: с. 232-234.
|
| 330 |
|
|
|a Герой этой книги, принадлежащей перу замечательного ученого и писателя Натана Эйдельмана (1930 —1989), оставил заметный след и в истории нашей страны, и в русской литературе. Современники ставили его рядом с Державиным; он основал новое литературное направление,известное как сентиментализм, написал «Бедную Лизу» и «Письма русского путешественника», которыми зачитывалось не одно поколение читателей. И достигнув вершин славы, он не побоялся оставить изящную словесность и погрузился в «пыль веков». Его многотомная «История государства Российского» сначала вызвала ожесточенные споры, а впоследствии легла в основу всей нашей исторической науки. «Последний летописец» — так называл Пушкин ее автора — Николая Михайловича Карамзина.
|
| 600 |
|
1 |
|a Карамзин
|b Н. М.
|c российский историк
|c писатель
|c критик
|f 1766-1826
|g Николай Михайлович
|2 stltpush
|3 (RuTPU)RU\TPU\pers\35
|9 22
|
| 606 |
1 |
|
|a Историография в России
|2 stltpush
|3 (RuTPU)RU\TPU\subj\53391
|9 71660
|
| 610 |
1 |
|
|a история
|
| 610 |
1 |
|
|a Россия
|
| 610 |
1 |
|
|a 18 век
|
| 610 |
1 |
|
|a историки
|
| 686 |
|
|
|a Т1(2)
|v LBC/SL-A
|2 rubbk
|
| 700 |
|
1 |
|a Эйдельман
|b Н. Я.
|c российский писатель
|c историк
|f 1930-1989
|g Натан Яковлевич
|2 stltpush
|3 (RuTPU)RU\TPU\pers\17706
|9 6586
|
| 801 |
|
1 |
|a RU
|b 63413507
|c 20060623
|g PSBO
|
| 801 |
|
2 |
|a RU
|b 63413507
|c 20221003
|g PSBO
|
| 942 |
|
|
|c BK
|
| 959 |
|
|
|a 57/20060619
|d 1
|e 157,52
|f ХФ:1
|